000 00388nam a2200145Ia 4500
008 230711s9999||||xx |||||||||||||| ||und||
041 _aENG
082 _a621.3
_bPR-S
100 _aPressman,Abraham I.
245 0 _aSwitching power supply design
250 _a1st . Ed.
260 _c1971
_aNew Delhi
_bTata McGraw Hill Education Limited
650 _aElectrical Engineering
942 _cBK
999 _c3708
_d3708